Enfermería en Cirugía Ortopédica Y Traumatología. (Registro nro. 23160)

Detalles MARC
000 -LEADER
fixed length control field 01178nam a2200289 4500
001 - CONTROL NUMBER
control field 0000022296
003 - CONTROL NUMBER IDENTIFIER
control field CO-CtgCURN
005 - DATE AND TIME OF LATEST TRANSACTION
control field 20250521152006.0
007 - PHYSICAL DESCRIPTION FIXED FIELD--GENERAL INFORMATION
fixed length control field ta
008 - FIXED-LENGTH DATA ELEMENTS--GENERAL INFORMATION
fixed length control field 160627s2003 000 0 eng d
020 ## - INTERNATIONAL STANDARD BOOK NUMBER
International Standard Book Number 8479037717
040 ## - CATALOGING SOURCE
Original cataloging agency CO-CtgCURN
Language of cataloging spa
Transcribing agency coctgcurn
082 0# - DEWEY DECIMAL CLASSIFICATION NUMBER
Classification number 617.3
Item number M177e
100 1# - MAIN ENTRY--PERSONAL NAME
Personal name Martínez Abril, Carmina.
245 10 - TITLE STATEMENT
Title Enfermería en Cirugía Ortopédica Y Traumatología.
260 ## - PUBLICATION, DISTRIBUTION, ETC.
Place of publication, distribution, etc. Madrid :
Name of publisher, distributor, etc. Medica Panamericana,
Date of publication, distribution, etc. 2003.
300 ## - PHYSICAL DESCRIPTION
Extent 480 p.
336 ## - CONTENT TYPE
Source rdacontent
337 ## - MEDIA TYPE
Source rdamedia
Media type term sin mediacion
Media type code n
338 ## - CARRIER TYPE
Source rdacarrier
Carrier type term volumen
Carrier type code nc
505 8# - FORMATTED CONTENTS NOTE
Formatted contents note Generalidades.--Bloque quirurgico.--Aparatos y dispositivo.--Posiciones quirurgicas en traumatología y ortopedia cuidados de enfermeria.--Vendas y ferulas.--Cirugia Traumatologica.--Fracturas.--Osteosintisis.--Tornillos canulados.--Placa acodada con tornillo deslizante.--Tecnicas conbinadas con alambre, agujas y grapas.--Cirugia ortopedica
650 14 - SUBJECT ADDED ENTRY--TOPICAL TERM
Topical term or geographic name entry element Ortopedia.
700 1# - ADDED ENTRY--PERSONAL NAME
Personal name Angel Monsalve, Alvaro German.
908 ## - PUT COMMAND PARAMETER (RLIN)
Put command parameter 160627
942 ## - ADDED ENTRY ELEMENTS (KOHA)
Koha item type Libros
Classification part 617.3
Item part M177e
Source of classification or shelving scheme Dewey Decimal Classification
Suppress in OPAC No
Existencias
Withdrawn status Lost status Source of classification or shelving scheme Damaged status Not for loan Collection Home library Current library Shelving location Date acquired Inventory number Total checkouts Full call number Barcode Date last seen Price effective from Koha item type Public note
    Dewey Decimal Classification     General Miguel Henríquez Emiliani Miguel Henríquez Emiliani General 03/31/2025 009566   617.3 M177e 009566 03/31/2025 03/31/2025 Libros 610-CIENME